00994nam a22002651 450000100060000000300080000600500170001400800410003103500190007204000230009104100080011408200210012210000370014324501180018026000490029830000360034749000550038350400300043865000310046865000230049970000430052294200120056599900170057795201340059435839BD-RjUL20211209052405.0140610s1968 njua b 000 0 eng  a(BD-RjUL)35934 aDLCcDLCdDLCbeng aeng00a320.5bCUT 19681 aCurry, Robert L.,d1934-910916212aA theory of political exchange ;beconomic reasoning in political analysis /c R. L. Curry, Jr. [and] L. L. Wade. aEnglewood Cliffs, N.J.,bPrentice-Hallc1968 axii, 130 p. :billus. ;c24 cm.0 aPrentice-Hall contemporary political theory series aBibliography: p. 121-126. 0aPolitical science.9109163 0aEconomics.91091641 aWade, Larry L.,ejoint author.9108857 2ddccBK c35839d35839 00102ddc40718NFICaRUCLbRUCLcReadingd1973-06-25eEUREg76.50l0o320.5 CUT 1968r2014-06-10 00:00:00tC-1w2014-06-10yBK